Διεθνείς σχέσεις
Αποθηκεύτηκε σε:
| Κύριος συγγραφέας: | |
|---|---|
| Άλλοι συγγραφείς: | , , |
| Μορφή: | Βιβλίο |
| Γλώσσα: | Greek English |
| Δημοσίευση: |
Θεσσαλονίκη :
Τζιόλα,
c2021.
|
| Έκδοση: | 12η έκδοση. |
| Θέματα: | |
| Ετικέτες: |
Προσθήκη ετικέτας
Δεν υπάρχουν, Καταχωρήστε ετικέτα πρώτοι!
|
MARC
| LEADER | 00000nam a2200000 a 4500 | ||
|---|---|---|---|
| 001 | 1/125772 | ||
| 008 | 230104s2021####gr | ||| |||| ||gre|| | ||
| 020 | |a 9789604189212 |q (σκληρό εξώφυλλο) | ||
| 040 | |a GR-MyUa |b gre |c GR-MyUa |e AACR2 | ||
| 041 | 1 | |a gre |h eng | |
| 082 | 7 | |a 327 |2 (23) | |
| 100 | 1 | |a Pevehouse, Jon C. | |
| 245 | 1 | 0 | |a Διεθνείς σχέσεις / |c Jon C. W. Pevehouse, Joshua S. Goldstein ; επιστημονική επιμέλεια: Κώστας Υφαντής, Σωτήρης Σέρμπος ; μετάφραση: Κατερίνα Ιορδάνογλου. |
| 250 | |a 12η έκδοση. | ||
| 260 | |a Θεσσαλονίκη : |b Τζιόλα, |c c2021. | ||
| 300 | |a xix, 564 σ. : |b χάρτες, πίν., διαγρ., εικ. ; |c 30 εκ. | ||
| 500 | |a Τίτλος πρωτοτύπου: International relations, 12th edition. | ||
| 504 | |a Περιλαμβάνει βιβλιογραφικές παραπομπές, γλωσσάρι, και ευρετήριο όρων. | ||
| 650 | 0 | |a International relations | |
| 650 | 0 | |a International organizations | |
| 650 | 0 | |a International trade | |
| 650 | 0 | |a International economic integration | |
| 650 | 0 | |a Economic development |x International cooperation. | |
| 700 | 1 | |a Goldstein, Joshua S., |d 1952- | |
| 700 | 1 | |a Ιορδάνογλου, Κατερίνα, |e trlf | |
| 700 | 1 | |a Σέρμπος, Σωτήρης, |e edt | |
| 852 | |a INST |b RHODES |c EUDOXUS |e 20230104 |h 327 PEV |p 005400043227 |q 005400043227 |t EDX |y 0 | ||
| 920 | |a Εύδοξος |b Παραγγελία |y Ρόδος-ΠΤΔΕ |z 2021-12 | ||
| 970 | |z 04-01-2023 | ||